| 000 | 00373nam a22001337a 4500 | ||
|---|---|---|---|
| 020 | _a978-81-317-2847-5 | ||
| 082 | _a510TRI/M | ||
| 100 | _aTRISHNA KNOWLEDGE SYSTEMS | ||
| 245 |
_aTRISHNA'S MATHEMATICS FOR CLASS IX _bTHE IIT FOUNDATION SERIES |
||
| 260 |
_aDELHI _bPEARSON EDUCATION _c2009 |
||
| 300 | _a673 | ||
| 650 |
_aIIT FOUNDATION MATHS FOR CLASS IX _zINDIA |
||
| 942 | _cBK | ||
| 999 |
_c893 _d893 |
||